| 000 | 00353nam a2200133Ia 4500 | ||
|---|---|---|---|
| 008 | 231104s9999||||xx |||||||||||||| ||und|| | ||
| 020 | _a9.7893560609e+012 | ||
| 082 |
_a658.8 _bLau/M |
||
| 100 | _aLaudon kenneth c. | ||
| 245 | 0 | _aManagement information systems | |
| 250 | _a17thEdition | ||
| 260 |
_anoida _bPearson India Education _c2022 |
||
| 942 | _cBK | ||
| 999 |
_c42451 _d42451 |
||